000 00363nab a22001097u 4500
008 130520b1987 xxu||||| |||| 00| 0 spa d
041 _aspa
100 1 _aPaul, André
_99211
245 0 0 _aBases estructurales de la ortodoxia en el sistema judío y en el sistema cristiano
_cAndré Paul
773 0 _tConcilium
_gV.2,1987,págs.29-41
_x0210-1041
_wRev134
942 _cAR
999 _c355336
_d355336